Chansons Disney #2 - Statistiques

Statistiques générales
  • Ce quiz a été pris 538 fois
  • Le résultat moyen est 11 sur 20
Statistiques - réponses
Hint Réponse % Correct
Patati et patata Toute la journée ça n'arrête pas Cendrillon - Les Harpies
90%
C'est la fête, c'est la fête Service garanti impec La Belle et la Bête - C'est La Fête
89%
Clap, clip, clapPetite pluie d'Avril Tombe du ciel En jolis diamants Bambi - La Chanson De La Pluie
81%
De quelle couleur est l'azur?Ay, mi amor, ay, mi amor Coco - Un Poco Loco
81%
Au matin de ta vie sur la planète Ebloui par le dieu soleil Le Roi Lion - L'Histoire de la Vie
79%
Un joyeux non-anniversaire à moi!A qui? A moi! A vous! Alice au Pays des Merveilles - Un Joyeux non-anniversaire
78%
Rêve ta vie en couleurC'est le secret du bonheur Peter Pan - Tu T'envoles
78%
Tout ce temps, cachéedans mes pensées Tout ce temps sans jamais y croire Raiponce - Je Veux y Croire
78%
Ouvrez les volets dans le salonLaissez entrer cet air, il sent si bon La Reine des Neiges - Le Renouveau
76%
Le roseau est toujours plus vert Dans le marais d'à côté La Petite Sirène - Sous l'Océan
74%
Quand on prie la bonne étoileLa fée bleue secoue son voile Pinocchio - Quand On Prie La Bonne Etoile
59%
A l'abri des fenêtres et des parapets de pierre Je regarde vivre les gens d'en bas Le Bossu de Notre Dame - Rien Qu'un Jour
58%
Les rêvent des amoureux sont comme le bon vinIls donnent de la joie ou bien du chagrin Ratatouille - Le Festin
47%
Quand on est deux copainsQu'on s'amuse de trois fois rien Rox et Rouky - Deux Bons Copains
40%
Oh ouais,Y'a des despotes, des dictateurs, Politiciens, manipulateurs Kuzco - Un Monde Parfait
33%
Quand elle m'aimait encoreC'était pour moi l'âge d'or Toy Story 2 - Quand Elle M'aimait
30%
Tu es si fort et si fragileViens dans mes bras, Je te ferai une île. Tarzan - Toujours Dans Mon Cœur
29%
L'ami des dents C'est TripleDent Vice-Versa - Pub TripleDent
20%
Quand la lune s'éveille au cœur de la nuitLes oiseaux sont endormis Et lorsque s'éteint la dernière bougie Les **** quittent leur abri La Fée Clochette - Les Fées Rêvent du Printemps
12%
Si j'étais plein aux as, j'vivrai comme un pachaTout en haut d'un palace, avec vue sur le bois Monstres et Cie - Si je ne t'avais pas
3%
Aucun quiz correspondant
Distribution des résultats
% des personnes avec chaque résultat
Percentile par nombre de réponses
Votre historique - résultats
Vous n’avez pas pris ce quiz